Statistics for Mass Nouns

Click here to take the quiz!

General Stats

  • This quiz has been taken 21,059 times
  • The average score is 14 of 36

Answer Stats

Individuals Collective % Correct
personspeople
96%
coins, bills, etc.money
72%
necklaces, rings, etc.jewelry
70%
clothesclothing
61%
periods, commas, etc.punctuation
61%
cowscattle
61%
chickens, ducks, etc.poultry
56%
weaponsweaponry
53%
caramels, toffees, etc.candy
52%
knives, forks, etc.cutlery
52%
poemspoetry
51%
ancestorsancestry
50%
humansmankind
49%
imagesimagery
48%
mythsmythology
46%
signssignage
44%
bureaucratsbureaucracy
42%
mounted soldierscavalry
41%
shelvesshelving
41%
clericsclergy
40%
clientsclientele
36%
houseshousing
34%
citizenscitizenry
33%
basketsbasketry
33%
metal eating utensilssilverware
30%
factories, mines, etc.industry
28%
leavesfoliage
28%
socks, stockings, etc.hosiery
26%
judgesjudiciary
24%
rodents, flies, etc.vermin
22%
ornamentsornamentation
21%
statuesstatuary
20%
officialsofficialdom
12%
psalmspsalmody
3%
wharveswharfage
3%
bishopsepiscopate
2%

Score Distribution

Percentile by Number Answered

Percent of People with Each Score

Your Score History

You have not taken this quiz